Statistiques concernant La Maison Lannister ( Game of Thrones , House of Dragons )

Cliquez ici pour prendre le quiz!

Statistiques générales

  • Ce quiz a été pris 33 fois
  • Le résultat moyen est 8 sur 14

Statistiques - réponses

Réponse% Correct
Tyrion
100%
Cersei
93%
Jaime
93%
Joffrey
87%
Tywin
87%
Tommen
73%
Myrcella
70%
Lancel
60%
Kevan
57%
Martyn
27%
Jason
13%
Tyland
13%
Willem
13%
Ceira
0%

Distribution des résultats

Percentile par nombre de réponses

% des personnes avec chaque résultat

Votre développement - résultats

Vous n’avez pas pris ce quiz